[Event "Yalta Yialos op"]
[Site "Yalta"]
[Date "2023.08.16"]
[Round "1"]
[White "Khasangatina, Kamilla"]
[Black "Truskavetsky, Alexandr"]
[Result "0-1"]
[WhiteElo "1088"]
[BlackElo "2348"]
[PlyCount "44"]
[EventDate "2023.08.16"]
[EventType "swiss"]
[EventRounds "9"]
[EventCountry "UKR"]
[SourceTitle "EXT 2024"]
[Source "ChessBase"]
[SourceDate "2023.10.10"]
[SourceVersion "1"]
[SourceVersionDate "2023.10.10"]
[SourceQuality "1"]

1. c4 e6 2. Nc3 d5 3. cxd5 exd5 4. d4 c6 5. Bf4 Bd6 6. Bg3 Ne7 7. e3 Nf5 8. Bd3 Nxg3 9. hxg3 Nd7 10. Qc2 Nf6 11. Nf3 Qe7 12. 0-0 0-0 13. Rac1 g6 14. Rfe1 Bg4 15. Nh2 h5 16. Nxg4 Nxg4 17. Bxg6 fxg6 18. Qxg6+ Qg7 19. Qxd6 Rf6 20. Qa3 Nxf2 21. Re2 Qxg3 22. Qe7 Ng4 0-1

[Event "Sevastopol Waltz op"]
[Site "Sevastopol"]
[Date "2023.06.17"]
[Round "1"]
[White "Shulga, Jury"]
[Black "Khasangatina, Kamilla"]
[Result "1-0"]
[WhiteElo "2202"]
[BlackElo "1114"]
[PlyCount "53"]
[EventDate "2023.06.17"]
[EventType "swiss"]
[EventRounds "9"]
[EventCountry "UKR"]
[SourceTitle "CBM 214 Extra"]
[Source "ChessBase"]
[SourceDate "2023.07.31"]
[SourceVersion "1"]
[SourceVersionDate "2023.07.31"]
[SourceQuality "1"]

1. e4 c5 2. Nf3 e6 3. Nc3 Nc6 4. d4 cxd4 5. Nxd4 Nf6 6. Ndb5 Bc5 7. Nd6+ Ke7 8. Nxc8+ Rxc8 9. Bd3 Re8 10. 0-0 Kf8 11. Bg5 Kg8 12. Kh1 h6 13. Bh4 Ne5 14. f4 Ng6 15. Bg3 h5 16. e5 Ng4 17. Qe2 Ne3 18. Qxh5 Nxf1 19. Rxf1 Nf8 20. Ne4 Be7 21. f5 g6 22. fxg6 Nxg6 23. Rxf7 Kxf7 24. Ng5+ Bxg5 25. Bxg6+ Kg8 26. Qh7+ Kf8 27. Qf7# 1-0